| 000 | 00553nam a2200193 a 4500 | ||
|---|---|---|---|
| 005 | 20140310183518.0 | ||
| 008 | 110125s19uu xx 00 eng d | ||
| 020 | _a9781590185988 | ||
| 050 |
_aPN 1998.2 _b.K66 2005 |
||
| 100 | _aKoopmans, Andy | ||
| 245 |
_aFilmmakers / _cAndy Koopmans. |
||
| 260 |
_aNew York : _bThomson Gale, _c2005. |
||
| 300 |
_a112 p. : _c23 cm. |
||
| 440 | _aHiatory makers | ||
| 521 | _aMC | ||
| 650 | _aMotion pictures- producers and directors-Biography-Juvenile Literature. | ||
| 942 |
_cBK _2lcc _kFOR |
||
| 999 |
_c24342 _d24342 |
||